April 29th: Birthdays - Statistics

General Stats
  • This quiz has been taken 14 times
  • The average score is 4 of 13
Answer Stats
Year Clue Answer % Correct
1901 Emperor of Japan Hirohito
86%
1970 Actress in Pulp Fiction Uma Thurman
71%
1818 Tsar of Russia Alexander II
64%
1957 Actor in Gangs of New York Daniel Day-Lewis
50%
1933 Artist of On the Road Again Willie Nelson
50%
1970 Won 8 Grand Slams Andre Agassi
29%
1951 Won 7 NASCAR Championships Dale Earnhardt
29%
1899 Artist of Take the A Train Duke Ellington
29%
1954 Actor in Seinfield Jerry Seinfield
14%
1863 Publisher for the San Francisco Examiner William Hearst
14%
1943 Wrote seminal biographies of Adolf Hitler Ian Kershaw
7%
1803 1st Rajah of Sarawak James Brooke
0%
1963 Coach of the Anaheim Ducks Mike Babcock
0%
No matching quizzes found
Score Distribution
Percent of People with Each Score
Percentile by Number Answered
Your Score History
You have not taken this quiz